Geografia Japonii od A do Z - Statystyki

Ogólne statystyki
  • Ten quiz został rozwiązany 133 razy
    126 od ostatniego zresetowania
  • Średni wynik to 12 z 23
Statystyki odpowiedzi
- Pytanie Odpowiedź % Poprawnych
C Na który kraj, Cesarstwo Japonii dokonało inwazji w 1937 roku? Chiny
96%
F Jaką nazwę nosi najwyższy szczyt Japonii? Fudżi
91%
N Jaką nazwę nosi miasto na które 9 sierpnia 1945 siły amerykańskie dokonały ataku nuklearnego? Nagasaki
87%
H Jaką nazwę nosi wyspa na której znajduje się japońska stolica? Honsiu
84%
R Z którym państwem Japonia toczy spór terytorialny o Wyspy Kurylskie? Rosja
84%
W Kwiat, którego drzewa owocowego często kojarzony jest z Japonią? Wiśnia
83%
T Jaką nazwę nosi znany japoński koncern motoryzacyjny, który rozpoczął swoją działalność jako warsztat tkacki? Toyota
76%
K Które miasto niegdyś było stolicą Japonii i siedzibą cesarza? Kioto
74%
Y Jaką nazwę nosi znana japońska organizacja przestępcza? Yakuza
72%
S W którym japońskim mieście odbyły się Zimowe Igrzyska Olimpijskie w których Wojciech Fortuna zwyciężył złoty medal? Sapporo
66%
E Jak brzmi dawna, historyczna nazwa Tokio? Edo
65%
J Jaką nazwę nosi drugie co do wielości miasto w Japonii będące jednoczeniśnie największym portem morskim tego kraju? Jokohama
60%
O Jaką nazwę nosi wyspa na której 1 kwietnia 1945 doszło do desantu wojsk amrykańskich? Okinawa
59%
M Jak nazywa się gatunek małpy wąskonosej znanej z faktu, że lubi zażywać kąpieli w japońskich gorących źródłach? Makak japoński
52%
P Jakim terminem określa się jednostkę administracyjną podstawowego podziału administracyjnego w Japonii? Prefektura
49%
I Jaką nazwę nosi wyspa na której wykonano słynne zdjęcie przedstawiające sześciu żołnierzy Korpusu Piechoty Morskiej zatykających amrykańską flagę? Iwo Jima
38%
Z Jak miał na imię znany i działający w Japonii polski misjonarz? Zenon
29%
U Jaką nazwę nosi często błędnie nazywany winem japoński napój alkoholowy wytwarzany z moreli japońskiej? Umeshu
11%
B Jaką nazwę nosi największe japońskie jezioro? Biwa
9%
A Która tokijska dzielnica handlowa słynie z ogromnej ilości sklepów z elektroniką? Akihabra
3%
L Jaką nazwę nosi cieśnina oddzielająca rosyjską wyspę Sachalin od japońskiej wyspy Hokkaido? -Nazwa pochodzi od nazwiska francuskiego admirała marynarki wojennej. La Pérouse
3%
D Jaką nazwę nosi jedno z najstarszych gorących źródłem w Japonii będące popularną atrakcją turystyczną? Dōgo Onsen
1%
G Jaką nazwę nosi świątynia z której pochodzi słynny "kot szczęścia" z podniesioną łapką? Gotokuji
1%
Nie znaleziono quizów pasujących do podanych kryteriów
Rozkład punktacji
Procent ludzi z każdym wynikiem
Percentyl według liczby udzielonych odpowiedzi
Twoja historia wyników
Nie rozwiązałeś tego quizu od ostatniego zresetowania